Star Wars - All known clone units - Statistics

General Stats
  • This quiz has been taken 98 times
  • The average score is 4 of 13
Answer Stats
Hint Answer % Correct
Captain Rex / Anakin Skywalker 501st Legion
97%
Commander Cody / Obi-Wan Kenobi 212th Assault Battalion
64%
Commander Wolffe / Plo Koon 104th Battalion (Wolfpack)
51%
Commander Gree / Luminara Unduli / Yoda 41st Elite Corps
44%
Partly under Gree (very hard one) Clone Reconnaissance Unit (41st)
44%
Commander Bly / Aayla Secura 327th Star Corps
33%
Commander Neyo / Stass Allie 91st Reconnaissance Corps
33%
Sergeant Hunter (Shame on you if you don't know this one) Clone Force 99 (The Bad Batch)
10%
Captain Rex (Sergeant Bric) Domino Squad
3%
Captain Rex ARC Troopers
0%
-No known Leader- but they are dealing with some hot stuff Clone Flamethrower Unit
0%
for example Odd Ball/other squadron commanders Clone Pilot Unit
0%
Sergeant Bric / El-Les Clone Training Unit
0%
No matching quizzes found
Score Distribution
Percent of People with Each Score
Percentile by Number Answered
Your Score History
You have not taken this quiz